Complete study of the pyrolysis and gasification of scrap tires in a pilot plant reactor /
Guardado en:
| Otros Autores: | , , , |
|---|---|
| Formato: | Artículo |
| Lenguaje: | English |
| Materias: | |
| Etiquetas: |
Agregar Etiqueta
Sin Etiquetas, Sea el primero en etiquetar este registro!
|
| Thư viện lưu trữ: | Thư viện Trường Đại học Đà Lạt |
|---|
| LEADER | 01014nam a2200349 4500 | ||
|---|---|---|---|
| 001 | DLU090094719 | ||
| 005 | ##20091201 | ||
| 040 | # | # | |a DLU |b eng |
| 041 | # | # | |a eng |
| 044 | # | # | |a us |
| 245 | # | # | |a Complete study of the pyrolysis and gasification of scrap tires in a pilot plant reactor / |c Juan A. Conesa ... [et al.]. |
| 653 | # | # | |a Chemical analysis |
| 653 | # | # | |a Gas phase |
| 653 | # | # | |a Gasification |
| 653 | # | # | |a Heat treatment |
| 653 | # | # | |a Liquid phase |
| 653 | # | # | |a Soot |
| 653 | # | # | |a Waste treatment |
| 700 | # | # | |a Conesa, Juan A. |
| 700 | # | # | |a Font, R. |
| 700 | # | # | |a Jauhiainen, J. |
| 700 | # | # | |a Martin-Gullon, I. |
| 773 | # | # | |t Environmental Science & Technology |g Vol. 38, no. 11 (June 2004), p. 3189-3194 |
| 920 | # | # | |a Phòng Tạp chí -- Trung tâm Thông tin - Thư viện Trường Đại học Đà Lạt |
| 994 | # | # | |a DLU |
| 900 | # | # | |a True |
| 911 | # | # | |a Trương Bảo Trâm Anh |
| 925 | # | # | |a G |
| 926 | # | # | |a A |
| 927 | # | # | |a BB |
| 980 | # | # | |a Thư viện Trường Đại học Đà Lạt |